000 00504nam a2200157Ia 4500
008 090123s9999 xx 000 0 und d
082 _b34064
245 _aसंगोपन बाळ गोपाळांचे
250 _a0
260 _bरोहन प्रकाशन
300 _a151
630 _aसंगोपन बाळ गोपाळांचे
700 _aमांडे अरुण
730 _aसंगोपन बाळ गोपाळांचे
942 _cBOOK
999 _c72108
_d72108